Wszystkie Reprezentacje Które kiedykolwiek były na podium Euro. - Statystyki

Ogólne statystyki
  • Ten quiz został rozwiązany 380 razy
  • Średni wynik to 15 z 17
Statystyki odpowiedzi
# Odpowiedź 1m. 2m. 3m. razem medali % Poprawnych
8 Francja 2 1 1 4
99%
3 Hiszpania 3 1 1 5
99%
1 Niemcy (w tym Niemcy Zachodnie) 3 3 3 9
99%
7 Portugalia 1 1 3 5
99%
4 Włochy 2 2 1 5
98%
10 Anglia 0 1 2 3
97%
2 ZSSR / Rosja 1 3 2 6
95%
6 Holandia 1 0 4 5
91%
5 Czechosłowacja / Czechy 1 1 3 5
89%
13 Grecja 1 0 0 1
89%
12 Belgia 0 1 1 2
86%
9 Dania 1 0 2 3
86%
14 Szwecja 0 0 1 1
86%
15 Węgry 0 0 1 1
75%
16 Turcja 0 0 1 1
70%
11 Jugosławia 0 2 0 2
68%
17 Walia 0 0 1 1
67%
Nie znaleziono quizów pasujących do podanych kryteriów
Rozkład punktacji
Procent ludzi z każdym wynikiem
Percentyl według liczby udzielonych odpowiedzi
Twoja historia wyników
Nie rozwiązałeś tego quizu